000 00964nam a2200253Ia 4500
003 OSt
005 20220923211350.0
006 a|||||r|||| 00| 0
007 ta
008 220922b |||||||| |||| 00| 0 hin d
020 _a9788185a999937 (hbk)
_c395
024 _a245,361
037 _b371, 11/02/2011, Swaraj Prakashan
_cTextual
040 _aARTS
_cARTS
_bhin
041 _2hin
_ahin
082 _aO152,1N01:g, Q0
100 _aराजेन्द्र गौतम
_9156263
245 0 _aसुमित्रानंदन पंत का स्वच्छंदतावादी काव्य
246 _aSumitrānandan panta kā svachchhandatāvādī kāvya
260 _aदिल्ली
_b स्वराज प्रकाशन
_c2010
300 _a215पृ.
_ccm.
942 _hO152,1N01:g, Q0
_cTEXL
_2CC
999 _c298821
_d298821